000 00739nam a2200217 a 4500
001 12861
003 BD-JhCC
005 20230521114109.0
008 230521s2018 b |||| |||| 000 0 b d
020 _a9847001401396
035 _a(BD-JhCC)12861
040 _aBD-JhCC
_dBD-JhCC
041 _aben
082 _a891.4415
_bKAZ 2018
100 _aকাজল, এস এম সুলায়মান
245 _aকাব্যগ্রন্থ অনার্তবা /
_cএস এম সুলায়মান কাজল
260 _aঢাকা :
_bতৃপ্তি প্রকাশ কুঠি,
_c২০১৮
300 _a১৩০ পৃ. :
_c২০ সেমি.
650 _aBengali Poem
942 _2ddc
_cBK
999 _c12861
_d12861